| 000 | 00361nam a22001457a 4500 | ||
|---|---|---|---|
| 020 | _a978-93-5732-967-5 | ||
| 082 |
_a920 _bNIS/L |
||
| 100 | _aNISANTH, DEEPA | ||
| 245 | _aLIFE IS A MONALISA SMILE | ||
| 246 |
_aLIFE IS A MONALISA SMILE _bLIFE IS A MONALISA SMILE |
||
| 260 |
_aINDIA _bD C _c2024 |
||
| 300 | _a176 | ||
| 650 | _aMEMOIR IN MALAYALAM | ||
| 942 | _cBK | ||
| 999 |
_c8757 _d8757 |
||